000 00726naa a2200229 i 4500
001 4285
003 ES-MaBCM
005 20241016090839.0
008 881209s1988 esp 000 0 spa d
021 _axx
035 _a(OCoLC)1365251144
040 _cES-MaBCM
041 0 _aspa
043 _aesp
100 1 _aPalau Mas, Vicente S.
_935073
245 1 3 _aEl llamado procedimiento del tirón y su calificación penal según la doctrina del Tribunal Supremo
_cVicente S. Palau Mas
650 2 7 _aRobo
_960142
651 2 4 _aEspaña
_9115342
655 4 _aJurisprudencia comentada
_959143
773 0 _aEn:
_tRevista general de derecho
_dValencia : 1988
_w104584
_gnº 529-530, octubre-noviembre ; p. 5849-5855
942 _cAREV
999 _c4285
_d4285